Mine-crafting Middle-Earth Quiz Stats

 Plays Quiz not verified by Sporcle

Score 0/20 Timer 08:00
43 Plays Today
% Correct
Black Gate
80.4%
Minas Tirith
73.1%
Rivendell
72.7%
Bag End
71%
Isengard
69%
Mines of Moria
68.6%
Helm's Deep
67.8%
Edoras
65.7%
Laketown
62%
Lothlorien
56.7%
% Correct
Bree
53.1%
Weathertop
52.2%
Mirkwood
48.2%
Osgiliath
46.5%
Dead Marshes
45.3%
Erebor
40%
Argonath
33.9%
City of the Dead
28.6%
Dol Guldur
26.9%
Dunharrow
20.8%

You're not logged in!

Compare scores with friends on all Sporcle quizzes.
OR
Log In

You Might Also Like...

Show Comments

Extras

Top Quizzes Today


Score Distribution

Your Account Isn't Verified!

In order to create a playlist on Sporcle, you need to verify the email address you used during registration. Go to your Sporcle Settings to finish the process.

Report this User

Report this user for behavior that violates our Community Guidelines.

Details: